000
00285nam a2200121Ia 4500
008
190216s9999||||xx |||||||||||||| ||und||
100
_a
Raisingh Ania. M.D
245
0
_a
Integral Transforms
250
_a
1st Ed.
260
_b
S Chand & Co
_c
1988
650
_a
Mathematics
942
_c
BK
999
_c
30992
_d
30992